00457nam a2200181Ia 4500003000400000008004100004040001600045082001600061100001300077245005300090700001600143700001400159260002300173300001000196650001500206650003200221650002200253GCL140319s9999 xx 000 0 eng d aGCL / cGCL04a809.44bC H1 aSURER, P10aHISTOIRE DE LA LITERATURE FRANCAISE / cSURER, P1 aCASTEX, P.G1 aBECKER, G a[S.N] : bHACHETTE a975 P04aLITERATURE04aFRENCH LITERATURE - HISTORY04aFRENCH LITERATURE